000 01112nam a22003377a 4500
003 CHAP
005 20220817041122.0
008 971013s1991 r 00010 d
010 _a6776
011 _a7748
035 _a6972
040 _cCHAP
090 _aFolleto 14181
100 0 0 _aKim, Sung-Hoon.
_963227
245 _aExploring the agribusiness frontiers for small farmers
_b: the implications and perspectives
260 _aTaipei, Taiwan :
_bFood & Fertilizer Technology Center,
_c1991
300 _a13 p
490 _aExtension bulletin
_v; 335
501 _aEnc. con otro impreso similar
590 _aBATCH-UPD
_b10
_c20130110
_lUCH01
_h0052
590 _aBATCH-UPD
_b10
_c20130110
_lUCH01
_h2058
590 _aBATCH-UPD
_b10
_c20130410
_lUCH01
_h1411
590 _aBATCH-UPD
_b10
_c20130914
_lUCH01
_h1636
590 _aCONVERSION
_b10
_c20130109
_lUCH01
_h1305
650 1 4 _aIndustrias agrícolas.
_957925
650 1 4 _aIndustrias agrícolas
_xFilipinas.
_957948
830 0 _aExtension bulletin
_v; 335
901 _aBK
942 _cFOLL
949 _aFolleto 14181
_bBC
_cFOLL
_d-16709
_eTS1
_i6972
_si
999 _c6776
_d6776